00869nam a2200169 i 45000010005000000030009000050050017000140080041000312450373000722600040004453000022004854900034005076500046005416500054005878300034006418520024006753665ES-MaACL20250902073144.0200219s1966 sp |||| | spa d00aSeguridad social b: Ley de bases, de 28 de diciembre de 1963. Texto articulado I, de 21 de abril de 1966. Texto articulado II (Procedimiento Laboral), de 21 de abril de 1966. Orden de 27 de abril de 1966, sobre aseguramiento de los accidentes de trabajo y enfermedades profesionales. Resolución de 29 de abril de 1966, sobre encuadramiento mutualista transitorio... aMadrid : bGarcía Enciso, c1966. a340 p. ; c15 cm.1 aColección "García Enciso" 4aDerecho de la seguridad social-zEspaña 4aProcedimiento laboral-zEspaña-vLegislación.00aColección "García Enciso" aES-MaACLjP-1332-11